000 01118nam a2200253 i 4500
001 167850
003 ES-MaACL
005 20251003164603.0
008 990514m19009999fr |||| | fre d
100 1 _aTodd, Alpheus.
_9133281
245 1 3 _aLe gouvernement parlementaire en Angleterre /
_cpar A. Todd ; traduit sur l'édition anglaise de M. Spencer Walpole ; avec une préface de Casimir-Périer.
260 _aParis :
_bV. Giard & E. Brière,
_c1900.
300 _a2 v. ;
_c20 cm.
490 1 _aBibliothèque internationale de droit public / publiée sous la direction de Max Boucard [y] Gaston Jeze
597 _aAntep.
597 _aT. I (XII, 466 p.) - T. II ([4], 445 p.)
610 1 4 _aGran Bretaña.
_bParliament-
_vHistoria.
_9150085
651 4 _aInglaterra-
_xPolítica y gobierno.
_98844
700 1 _aCasimir-Périer, Auguste,
_d1811-1876
_9158669
700 1 _aWalpole, Spencer.
_9133876
830 0 _aBibliothèque internationale de droit public / publiée sous la direction de Max Boucard [y] Gaston Jeze
_9222659
852 _aES-MaACL
_jD-1252-53
_z- Enc. tela
999 _c167850
_d167850